LIBRARY & INFORMATION CENTRE, KCAET, TAVANUR

ONLINE PUBLIC ACCESS CATALOGUE (OPAC)

Biochemistry and uses of pesticides structure, metabolism, medecy action and uses in crop protection / (Record no. 10069)

MARC details
000 -LEADER
fixed length control field 00496cam a2200157ua 4500
020 ## - INTERNATIONAL STANDARD BOOK NUMBER
ISBN 0-333-54679-2
041 ## - LANGUAGE CODE
Language code of text/sound track or separate title eng
082 ## - DEWEY DECIMAL CLASSIFICATION NUMBER
Classification number 632.96
Item number HAS/BI
100 ## - MAIN ENTRY--AUTHOR NAME
Personal name Hassall, Kenneth A .
245 ## - TITLE STATEMENT
Title Biochemistry and uses of pesticides structure, metabolism, medecy action and uses in crop protection /
250 ## - EDITION STATEMENT
Edition statement 2 /
260 ## - PUBLICATION, DISTRIBUTION, ETC. (IMPRINT)
Place of publication London :
Name of publisher English Language Book Society ,
Year of publication 1990.
300 ## - PHYSICAL DESCRIPTION
Number of Pages 536 ; .
942 ## - ADDED ENTRY ELEMENTS (KOHA)
Koha item type Books
Holdings
Withdrawn status Lost status Damaged status Home library Current library Date acquired Full call number Accession Number Koha item type
      KAUAET KAUAET 07/04/2012 632.96 18495 Books
free website counter